| 000 | 01101nam a22003497a 4500 | ||
|---|---|---|---|
| 003 | CHAP | ||
| 005 | 20220817041144.0 | ||
| 008 | 971013s1993 r 00010 d | ||
| 010 | _a7578 | ||
| 011 | _a8550 | ||
| 035 | _a7779 | ||
| 040 | _cCHAP | ||
| 090 | _aTesis | ||
| 100 | 0 | 0 |
_aMartínez Aguilar, Eduardo. _971773 |
| 245 | _aMétodos de conservación de forrajes | ||
| 260 |
_aChapingo, Méx. : _bEl autor, _c1993 |
||
| 300 | _a193 h | ||
| 502 | _aTesis (Ing. Agr. Esp. en Zootecnia) -- UACH. Departamento de Zootecnia | ||
| 590 |
_aALEPH _b10 _c20130110 _lUCH01 _h1220 |
||
| 590 |
_aBATCH-UPD _b10 _c20130110 _lUCH01 _h1815 |
||
| 590 |
_aBATCH-UPD _b10 _c20130410 _lUCH01 _h1149 |
||
| 590 |
_aBATCH-UPD _b10 _c20130914 _lUCH01 _h1310 |
||
| 590 |
_aCONVERSION _b10 _c20130109 _lUCH01 _h1305 |
||
| 650 | 1 | 4 |
_aEnsilaje. _937102 |
| 650 | 1 | 4 | _aForrajes. |
| 650 | 1 | 4 |
_aPlantas forrajeras _xDeshidratación. _988955 |
| 700 | 0 |
_aCano Perea, Hipólito. _918421 |
|
| 710 | 0 |
_aUACH. Departamento de Zootecnia. _9115904 |
|
| 901 | _aBK | ||
| 942 | _cTESIS | ||
| 949 |
_bBC _cTES _d-17620 _eTS1 _h26191 _i7779 _si |
||
| 999 |
_c7578 _d7578 |
||